Samurai among panthers (Record no. 89221)
[ view plain ]
| 000 -LEADER | |
|---|---|
| fixed length control field | 01899nam a2200445 a 4500 |
| 082 04 - DEWEY DECIMAL CLASSIFICATION NUMBER | |
| Classification number | 323.092 |
| -- | B |
| 100 1# - MAIN ENTRY--AUTHOR NAME | |
| Personal name | Fujino, Diane Carol. |
| 245 10 - TITLE STATEMENT | |
| Title | Samurai among panthers |
| 260 ## - PUBLICATION, DISTRIBUTION, ETC. (IMPRINT) | |
| Place of publication | Minneapolis : |
| Name of publisher | University of Minnesota Press, |
| Year of publication | c2012. |
| 300 ## - PHYSICAL DESCRIPTION | |
| Number of Pages | xxxi, 441 p. |
| 490 1# - SERIES STATEMENT | |
| Series statement | Critical American studies |
| 650 #0 - SUBJECT ADDED ENTRY--TOPICAL TERM | |
| Topical Term | Civil rights movements |
| Topical Term | Asian Americans |
| Topical Term | African Americans |
| Topical Term | Political activists |
| Topical Term | Japanese Americans |
| 856 40 - ELECTRONIC LOCATION AND ACCESS | |
| Uniform Resource Identifier | http://site.ebrary.com/lib/rucke/Doc?id=10555684 |
No items available.
